Chemical reaction engineering (Record no. 18666)

000 -LEADER
fixed length control field 00567nam a22001931 4500
001 - CONTROL NUMBER
control field 18666
003 - CONTROL NUMBER IDENTIFIER
control field BD-DhUET
008 - FIXED-LENGTH DATA ELEMENTS--GENERAL INFORMATION
fixed length control field 840403s1962 nyua b 000 0 eng c
040 ## - CATALOGING SOURCE
Original cataloging agency DLC/ICU
Transcribing agency DLC
Modifying agency BD-DhUET
082 0# - DEWEY DECIMAL CLASSIFICATION NUMBER
Classification number 660.299
Item number LEV/1964
100 ## - MAIN ENTRY--PERSONAL NAME
Personal name Levenspiel, Octave
245 10 - TITLE STATEMENT
Title Chemical reaction engineering
Remainder of title an introduction to the design of chemical reactors
250 ## - EDITION STATEMENT
Edition statement 1st ed.
260 ## - PUBLICATION, DISTRIBUTION, ETC. (IMPRINT)
Place of publication, distribution, etc. New York
Name of publisher, distributor, etc. John Wiley & Sons
Date of publication, distribution, etc. 1962
300 ## - PHYSICAL DESCRIPTION
Extent xv, 501 p.
Other physical details illus.
Dimensions 24 cm.
504 ## - BIBLIOGRAPHY, ETC. NOTE
Bibliography, etc Includes bibliographies
650 #0 - SUBJECT ADDED ENTRY--TOPICAL TERM
Topical term or geographic name as entry element Chemical engineering
942 ## - ADDED ENTRY ELEMENTS (KOHA)
Koha item type General Book
Holdings
Koha date last borrowed Koha issues (times borrowed) Source of classification or shelving scheme Sublocation or collection (holding branch) Koha date last seen Shelving location Withdrawn status Copy number Location (home branch) Lost status Piece designation (barcode) Price effective from Not for loan Koha full call number Damaged status Date acquired Koha item type Koha normalized classification for sorting
   Central Library, BUET2015-03-31Circulation section 1Central Library, BUET 175012015-03-31 660.299/LEV/1967 2015-03-31General Book660_299000000000000_LEV_1967
   Central Library, BUET2015-03-31Circulation section 2Central Library, BUET 178212015-03-31 660.299/LEV/1967 2015-03-31General Book660_299000000000000_LEV_1967
   Central Library, BUET2015-03-31Circulation section 3Central Library, BUET 178222015-03-31 660.299/LEV/1967 2015-03-31General Book660_299000000000000_LEV_1967
   Central Library, BUET2015-03-31Circulation section 4Central Library, BUET 44022015-03-31 660.299/LEV/1967 2015-03-31General Book660_299000000000000_LEV_1967
   Central Library, BUET2015-03-31Circulation section 5Central Library, BUET 209322015-03-31 660.299/LEV/1967 2015-03-31General Book660_299000000000000_LEV_1967
2023-12-051 Central Library, BUET2023-12-18Circulation section 6Central Library, BUET 175022015-04-01 660.299/LEV/1964 2015-04-01General Book660_299000000000000_LEV_1964
2019-05-051 Central Library, BUET2020-01-25Circulation section 7Central Library, BUET 125422015-04-01 660.299/LEV/1964 2015-04-01General Book660_299000000000000_LEV_1964
   Central Library, BUET2015-06-18Reading section 8Central Library, BUET 363002015-06-18 660.299/LEV/1964 2015-06-18Reading Item660_299000000000000_LEV_1964